| 000 | 00000nam 2200000zi 4500 |
| 001 | 9.867763 |
| 003 | CaOODSP |
| 005 | 20221107162411 |
| 006 | m o d f |
| 007 | cr ||||||||||| |
| 008 | 190130s1958 onc ot f|0| 0 eng d |
| 040 | |aCaOODSP|beng|erda|cCaOODSP |
| 043 | |an-cn--- |
| 086 | 1 |aM38-1/39-1958E-PDF |
| 100 | 1 |aSuiter, J. W., |eauthor. |
| 245 | 10|aPressure distribution within a vacuum arc furnace / |cby J. W. Suiter. |
| 264 | 1|aOttawa, Ontario : |bDepartment of Mines and Technical Surveys, |c1958. |
| 300 | |a1 online resource (6 unnumbered pages) |
| 336 | |atext|btxt|2rdacontent |
| 337 | |acomputer|bc|2rdamedia |
| 338 | |aonline resource|bcr|2rdacarrier |
| 490 | 1 |aMines Branch Research Report ; |vR 39 |
| 500 | |aReprinted from Journal of the Electromechanical Society, Vol. 105, January, 1958." |
| 504 | |aIncludes bibliographic references. |
| 520 | |a"The pressure distribution within a continuously evacuated, consumable electrode arc furnace was determined when a variable leak was placed in the melting region of the furnace. This pressure distribution agreed both with that obtained from a simplified calculation based on the kinetic theory of gases and with that obtained during the melting of mild steel electrodes"--Abstract. |
| 692 | 07|2gccst|aMetals |
| 710 | 1 |aCanada. |bDepartment of Mines and Technical Surveys. |
| 710 | 1 |aCanada. |bMines Branch. |
| 830 | #0|aResearch report (Canada. Mines Branch)|vR 39.|w(CaOODSP)9.855660 |
| 856 | 40|qPDF|s972 KB|uhttps://publications.gc.ca/collections/collection_2019/rncan-nrcan/m38-1/M38-1-39-1958-eng.pdf |